Principles of Railway Engineering : A Basic Textbook for Engineering Students (Record no. 1449)

000 -LEADER
fixed length control field 00322 a2200097 4500
082 ## - DEWEY DECIMAL CLASSIFICATION NUMBER
Classification number 625.1 RAN
100 ## - MAIN ENTRY--PERSONAL NAME
Personal name Rangwala, S. C.
245 ## - TITLE STATEMENT
Title Principles of Railway Engineering : A Basic Textbook for Engineering Students
Statement of responsibility, etc. S. C. Rangwala
260 ## - PUBLICATION, DISTRIBUTION, ETC.
Place of publication, distribution, etc. Ahmedabad :
Name of publisher, distributor, etc. college of engineering,
300 ## - PHYSICAL DESCRIPTION
Extent 406p. :
Other physical details ill. ;
Dimensions 20 cm
650 ## - SUBJECT ADDED ENTRY--TOPICAL TERM
Topical term or geographic name entry element Railway engineering
Holdings
Withdrawn status Lost status Damaged status Not for loan Permanent Location Current Location Shelving location Date acquired Total Checkouts Full call number Barcode Date last seen Date last checked out Price effective from Koha item type
        School of Civil and Environmental Engineering (SCEE) School of Civil and Environmental Engineering (SCEE)     1 625.1 RAN NIT-4731 11/14/2019 10/16/2019 01/05/2017 Book
© 2023 Central Library, National University of Sciences and Technology. All Rights Reserved.